<?xml version="1.0" encoding="UTF-8"?><?xml-stylesheet type="text/xsl" href="static/style.xsl"?><OAI-PMH xmlns="http://www.openarchives.org/OAI/2.0/" xmlns:xsi="http://www.w3.org/2001/XMLSchema-instance" xsi:schemaLocation="http://www.openarchives.org/OAI/2.0/ http://www.openarchives.org/OAI/2.0/OAI-PMH.xsd"><responseDate>2026-06-05T07:53:26Z</responseDate><request verb="GetRecord" identifier="oai:riubu.ubu.es:10259/11804" metadataPrefix="marc">https://riubu.ubu.es/oai/request</request><GetRecord><record><header><identifier>oai:riubu.ubu.es:10259/11804</identifier><datestamp>2026-06-05T00:05:37Z</datestamp><setSpec>com_10259_5841</setSpec><setSpec>com_10259_5086</setSpec><setSpec>com_10259_2604</setSpec><setSpec>com_10259_5377</setSpec><setSpec>com_10259_4219</setSpec><setSpec>com_10259_7354</setSpec><setSpec>com_10259_7353</setSpec><setSpec>col_10259_7759</setSpec><setSpec>col_10259_9107</setSpec><setSpec>col_10259_8653</setSpec><setSpec>col_10259_9641</setSpec></header><metadata><record xmlns="http://www.loc.gov/MARC21/slim" xmlns:doc="http://www.lyncode.com/xoai" xmlns:xsi="http://www.w3.org/2001/XMLSchema-instance" xmlns:dcterms="http://purl.org/dc/terms/" xsi:schemaLocation="http://www.loc.gov/MARC21/slim http://www.loc.gov/standards/marcxml/schema/MARC21slim.xsd">
<leader>00925njm 22002777a 4500</leader>
<datafield tag="042" ind1=" " ind2=" ">
<subfield code="a">dc</subfield>
</datafield>
<datafield tag="720" ind1=" " ind2=" ">
<subfield code="a">Sáiz Manzanares, María Consuelo</subfield>
<subfield code="e">author</subfield>
</datafield>
<datafield tag="720" ind1=" " ind2=" ">
<subfield code="a">Marticorena Sánchez, Raúl</subfield>
<subfield code="e">author</subfield>
</datafield>
<datafield tag="720" ind1=" " ind2=" ">
<subfield code="a">García García, David</subfield>
<subfield code="e">author</subfield>
</datafield>
<datafield tag="260" ind1=" " ind2=" ">
<subfield code="c">2026-06</subfield>
</datafield>
<datafield tag="520" ind1=" " ind2=" ">
<subfield code="a">Este manual especializado, enmarcado en el Máster de Ingeniería Biomédica de la Universidad de Burgos, ofrece una guía rigurosa para el estudio del comportamiento humano mediante registros multicanal. A través de un enfoque interdisciplinar, la obra fusiona la ingeniería con las ciencias de la salud para dotar al lector de las herramientas metodológicas necesarias en la captura y análisis de señales fisiológicas complejas. El lector encontrará un análisis profundo de tecnologías de vanguardia como el eye tracking, la electroencefalografía (EEG) y la respuesta psicogalvánica (GSR). Además, el texto aborda el procesamiento avanzado con MNE-Python y el uso de Machine Learning para la interpretación de datos. Con un enfoque práctico basado en proyectos y una reflexión necesaria sobre la ética en la IA generativa, esta obra es la referencia definitiva para profesionales e investigadores que buscan liderar la innovación tecnológica en entornos clínicos e industriales.</subfield>
</datafield>
<datafield tag="024" ind2=" " ind1="8">
<subfield code="a">979-13-87585-39-6</subfield>
</datafield>
<datafield tag="024" ind2=" " ind1="8">
<subfield code="a">979-13-87585-40-2  (edición digital)</subfield>
</datafield>
<datafield tag="024" ind2=" " ind1="8">
<subfield code="a">https://hdl.handle.net/10259/11804</subfield>
</datafield>
<datafield tag="024" ind2=" " ind1="8">
<subfield code="a">10.36443/9791387585402</subfield>
</datafield>
<datafield ind1=" " ind2=" " tag="653">
<subfield code="a">Ingeniería biomédica</subfield>
</datafield>
<datafield ind1=" " ind2=" " tag="653">
<subfield code="a">Eye tracking</subfield>
</datafield>
<datafield ind1=" " ind2=" " tag="653">
<subfield code="a">Señales biomédicas</subfield>
</datafield>
<datafield ind1=" " ind2=" " tag="653">
<subfield code="a">Electroencefalografía (EEG)</subfield>
</datafield>
<datafield ind1=" " ind2=" " tag="653">
<subfield code="a">Respuesta galvánica de la piel (GSR)</subfield>
</datafield>
<datafield ind1=" " ind2=" " tag="653">
<subfield code="a">Registros multicanal</subfield>
</datafield>
<datafield ind1=" " ind2=" " tag="653">
<subfield code="a">Inteligencia artificial</subfield>
</datafield>
<datafield ind1=" " ind2=" " tag="653">
<subfield code="a">Análisis del comportamiento humano</subfield>
</datafield>
<datafield tag="245" ind1="0" ind2="0">
<subfield code="a">Análisis de registros multicanal en el comportamiento humano</subfield>
</datafield>
</record></metadata></record></GetRecord></OAI-PMH>